[Event "Team Championship (men rapid)"]
[Site "Sochi"]
[Date "2017.10.03"]
[Round "2.7"]
[White "Predke, Alexandr"]
[Black "Usmanov, Vasily"]
[Result "1-0"]
[LiveChessVersion "1.4.8"]
[BlackElo "2476"]
[WhiteElo "2607"]

1. e4 {[%clk 0:15:19]} e6 {[%clk 0:15:18]} 2. d4 {[%clk 0:15:27]} d5
{[%clk 0:15:27]} 3. Nc3 {[%clk 0:15:36]} Nf6 {[%clk 0:15:34]} 4. e5
{[%clk 0:15:45]} Nfd7 {[%clk 0:15:43]} 5. f4 {[%clk 0:15:55]} c5 {[%clk 0:15:52]}
6. Nf3 {[%clk 0:16:04]} Nc6 {[%clk 0:16:01]} 7. Be3 {[%clk 0:16:13]} cxd4
{[%clk 0:16:10]} 8. Nxd4 {[%clk 0:16:22]} Bc5 {[%clk 0:16:19]} 9. Qd2
{[%clk 0:16:30]} Bxd4 {[%clk 0:16:27]} 10. Bxd4 {[%clk 0:16:39]} Nxd4
{[%clk 0:16:36]} 11. Qxd4 {[%clk 0:16:48]} Qb6 {[%clk 0:16:45]} 12. O-O-O
{[%clk 0:16:26]} Qxd4 {[%clk 0:16:44]} 13. Rxd4 {[%clk 0:16:34]} Ke7
{[%clk 0:16:53]} 14. h4 {[%clk 0:16:39]} h5 {[%clk 0:17:02]} 15. Rh3
{[%clk 0:16:26]} Nb8 {[%clk 0:17:05]} 16. Rg3 {[%clk 0:16:17]} Nc6
{[%clk 0:16:51]} 17. Rd2 {[%clk 0:16:24]} g6 {[%clk 0:16:58]} 18. Nb5
{[%clk 0:16:10]} Bd7 {[%clk 0:16:08]} 19. Re3 {[%clk 0:12:33]} Rac8
{[%clk 0:14:49]} 20. Nd6 {[%clk 0:12:25]} Rc7 {[%clk 0:14:52]} 21. Nb5
{[%clk 0:12:34]} Rcc8 {[%clk 0:15:00]} 22. Ra3 {[%clk 0:12:17]} a6
{[%clk 0:14:57]} 23. Nd4 {[%clk 0:12:24]} Nxd4 {[%clk 0:13:41]} 24. Rxd4
{[%clk 0:12:32]} Rc5 {[%clk 0:13:37]} 25. Rb3 {[%clk 0:10:22]} Rhc8
{[%clk 0:13:04]} 26. c3 {[%clk 0:10:28]} R8c7 {[%clk 0:09:16]} 27. Kd2
{[%clk 0:10:16]} Ra5 {[%clk 0:09:07]} 28. a3 {[%clk 0:10:24]} Ra4
{[%clk 0:08:32]} 29. Rxa4 {[%clk 0:09:50]} Bxa4 {[%clk 0:08:40]} 30. Rb6
{[%clk 0:09:20]} Kd8 {[%clk 0:07:38]} 31. Rb4 {[%clk 0:05:19]} Bd7
{[%clk 0:05:48]} 32. Be2 {[%clk 0:05:07]} Ke7 {[%clk 0:05:22]} 33. Ke3
{[%clk 0:05:10]} Bc6 {[%clk 0:05:17]} 34. g3 {[%clk 0:05:16]} Bd7
{[%clk 0:05:12]} 35. Rb6 {[%clk 0:05:11]} Ba4 {[%clk 0:05:18]} 36. Kd4
{[%clk 0:04:52]} Bc2 {[%clk 0:05:09]} 37. b3 {[%clk 0:04:38]} Kd7
{[%clk 0:05:03]} 38. a4 {[%clk 0:04:42]} Ke7 {[%clk 0:04:51]} 39. a5
{[%clk 0:04:18]} Kd7 {[%clk 0:04:57]} 40. Bf3 {[%clk 0:03:58]} Kc8
{[%clk 0:04:46]} 41. g4 {[%clk 0:02:35]} hxg4 {[%clk 0:04:53]} 42. Bxg4
{[%clk 0:02:45]} Be4 {[%clk 0:03:35]} 43. h5 {[%clk 0:02:37]} gxh5
{[%clk 0:03:40]} 44. Bxh5 {[%clk 0:02:46]} Bf5 {[%clk 0:03:30]} 45. Bd1
{[%clk 0:01:56]} Kb8 {[%clk 0:03:24]} 46. Rd6 {[%clk 0:01:43]} Kc8
{[%clk 0:03:05]} 47. c4 {[%clk 0:01:50]} dxc4 {[%clk 0:03:10]} 48. bxc4
{[%clk 0:01:59]} Re7 {[%clk 0:02:47]} 49. Ba4 {[%clk 0:01:23]} Bg4
{[%clk 0:01:55]} 50. c5 {[%clk 0:01:14]} Bf3 {[%clk 0:01:56]} 51. Ke3
{[%clk 0:00:32]} Bg2 {[%clk 0:01:47]} 52. Bd1 {[%clk 0:00:41]} Bc6
{[%clk 0:01:28]} 53. Bh5 {[%clk 0:00:34]} Be8 {[%clk 0:01:10]} 54. Bg4
{[%clk 0:00:14]} Bd7 {[%clk 0:00:56]} 55. Bh5 {[%clk 0:00:20]} Be8
{[%clk 0:01:04]} 56. Rb6 {[%clk 0:00:24]} Bc6 {[%clk 0:01:11]} 57. Rb4
{[%clk 0:00:16]} Rd7 {[%clk 0:01:05]} 58. Rd4 {[%clk 0:00:21]} Bd5
{[%clk 0:00:59]} 59. Bd1 {[%clk 0:00:12]} Rc7 {[%clk 0:00:51]} 60. f5
{[%clk 0:00:21]} Rxc5 {[%clk 0:01:00]} 61. f6 {[%clk 0:00:30]} Bc6
{[%clk 0:00:44]} 62. Kf4 {[%clk 0:00:40]} Rxa5 {[%clk 0:00:45]} 63. Bb3
{[%clk 0:00:14]} Ra1 {[%clk 0:00:45]} 64. Kg5 {[%clk 0:00:15]} Rh1
{[%clk 0:00:36]} 65. Bxe6+ {[%clk 0:00:14]} fxe6 {[%clk 0:00:43]} 66. f7
{[%clk 0:00:23]} Rh8 {[%clk 0:00:41]} 67. Kf6 {[%clk 0:00:32]} Rf8
{[%clk 0:00:24]} 68. Ke7 {[%clk 0:00:30]} Rxf7+ {[%clk 0:00:31]} 69. Kxf7
{[%clk 0:00:39]} a5 {[%clk 0:00:35]} 70. Kxe6 {[%clk 0:00:48]} a4
{[%clk 0:00:44]} 71. Kd6 {[%clk 0:00:35]} Bb5 {[%clk 0:00:44]} 72. Rb4
{[%clk 0:00:35]} Be8 {[%clk 0:00:47]} 73. Rh4 {[%clk 0:00:34]} b5
{[%clk 0:00:44]} 74. Rh8 {[%clk 0:00:24]} a3 {[%clk 0:00:42]} 75. Rxe8+
{[%clk 0:00:33]} Kb7 {[%clk 0:00:52]} 76. Rf8 {[%clk 0:00:28]} a2
{[%clk 0:00:52]} 77. Rf7+ {[%clk 0:00:20]} Kb6 {[%clk 0:00:14]} 78. Rf1
{[%clk 0:00:29]} b4 {[%clk 0:00:23]} 79. e6 {[%clk 0:00:38]} b3 {[%clk 0:00:32]}
80. e7 {[%clk 0:00:47]} b2 {[%clk 0:00:42]} 81. e8=Q {[%clk 0:00:54]} b1=Q
{[%clk 0:00:40]} 82. Rxb1+ {[%clk 0:00:57]} 1-0

[Event "Team Championship (men rapid)"]
[Site "Sochi"]
[Date "2017.10.03"]
[Round "2.8"]
[White "Palchun, Grigory"]
[Black "Yuffa, Daniil"]
[Result "1-0"]
[LiveChessVersion "1.4.8"]
[BlackElo "2572"]
[WhiteElo "2309"]

1. d4 {[%clk 0:15:17]} Nf6 {[%clk 0:14:59]} 2. Bf4 {[%clk 0:15:26]} d5
{[%clk 0:15:02]} 3. e3 {[%clk 0:15:28]} c5 {[%clk 0:15:11]} 4. c3
{[%clk 0:15:36]} Nc6 {[%clk 0:15:19]} 5. Nd2 {[%clk 0:15:45]} Bf5
{[%clk 0:15:21]} 6. Ngf3 {[%clk 0:15:53]} e6 {[%clk 0:15:28]} 7. Nh4
{[%clk 0:15:26]} Bg4 {[%clk 0:15:21]} 8. Qb3 {[%clk 0:15:30]} Qc8
{[%clk 0:14:11]} 9. h3 {[%clk 0:15:32]} Bh5 {[%clk 0:14:20]} 10. g4
{[%clk 0:15:40]} Bg6 {[%clk 0:14:28]} 11. Nxg6 {[%clk 0:15:47]} hxg6
{[%clk 0:14:35]} 12. Bg2 {[%clk 0:15:55]} cxd4 {[%clk 0:13:52]} 13. exd4
{[%clk 0:15:53]} Qd7 {[%clk 0:12:54]} 14. Nf3 {[%clk 0:15:02]} Ne4
{[%clk 0:11:18]} 15. Ne5 {[%clk 0:14:22]} Nxe5 {[%clk 0:11:02]} 16. Bxe5
{[%clk 0:14:21]} Nd6 {[%clk 0:11:07]} 17. Qc2 {[%clk 0:09:50]} Nc4
{[%clk 0:11:11]} 18. Bg3 {[%clk 0:09:38]} Bd6 {[%clk 0:11:04]} 19. Bxd6
{[%clk 0:09:08]} Qxd6 {[%clk 0:11:01]} 20. Bf1 {[%clk 0:08:27]} Nb6
{[%clk 0:09:53]} 21. Bb5+ {[%clk 0:08:23]} Ke7 {[%clk 0:09:42]} 22. Qd2
{[%clk 0:08:29]} Kf8 {[%clk 0:08:55]} 23. O-O-O {[%clk 0:08:06]} Rc8
{[%clk 0:07:44]} 24. Kb1 {[%clk 0:07:44]} Nc4 {[%clk 0:06:59]} 25. Bxc4
{[%clk 0:07:53]} Rxc4 {[%clk 0:07:07]} 26. f4 {[%clk 0:07:55]} b5
{[%clk 0:07:14]} 27. Qf2 {[%clk 0:07:14]} b4 {[%clk 0:04:43]} 28. cxb4
{[%clk 0:07:18]} Rxb4 {[%clk 0:04:37]} 29. f5 {[%clk 0:07:06]} exf5
{[%clk 0:03:58]} 30. gxf5 {[%clk 0:07:08]} Rh5 {[%clk 0:03:02]} 31. fxg6
{[%clk 0:07:08]} Qxg6+ {[%clk 0:03:10]} 32. Ka1 {[%clk 0:07:17]} Rc4
{[%clk 0:03:09]} 33. Qf4 {[%clk 0:06:43]} Kg8 {[%clk 0:01:53]} 34. Rdf1
{[%clk 0:06:15]} Rg5 {[%clk 0:01:10]} 35. h4 {[%clk 0:05:49]} Rg4
{[%clk 0:01:10]} 36. Qb8+ {[%clk 0:05:36]} Kh7 {[%clk 0:01:19]} 37. h5
{[%clk 0:05:20]} Qb6 {[%clk 0:00:59]} 38. Qxb6 {[%clk 0:02:18]} axb6
{[%clk 0:01:09]} 39. Rxf7 {[%clk 0:02:20]} Kh6 {[%clk 0:00:40]} 40. Rd7
{[%clk 0:01:51]} Rcxd4 {[%clk 0:00:25]} 41. Rd6+ {[%clk 0:02:00]} Kh7
{[%clk 0:00:26]} 42. Rxb6 {[%clk 0:01:51]} Rh4 {[%clk 0:00:35]} 43. Rg1
{[%clk 0:01:49]} Rxh5 {[%clk 0:00:44]} 44. Rbg6 {[%clk 0:01:29]} Rd1+
{[%clk 0:00:48]} 45. Rxd1 {[%clk 0:01:39]} Kxg6 {[%clk 0:00:57]} 46. a4
{[%clk 0:01:46]} Kf6 {[%clk 0:00:54]} 47. Ka2 {[%clk 0:01:53]} Ke5
{[%clk 0:00:54]} 48. a5 {[%clk 0:01:38]} d4 {[%clk 0:00:49]} 49. b4
{[%clk 0:01:29]} Kd5 {[%clk 0:00:39]} 50. Kb3 {[%clk 0:01:38]} Rh3+
{[%clk 0:00:22]} 51. Ka4 {[%clk 0:01:46]} Kc4 {[%clk 0:00:31]} 52. a6
{[%clk 0:01:39]} Rh6 {[%clk 0:00:21]} 53. b5 {[%clk 0:01:24]} d3 {[%clk 0:00:24]}
54. a7 {[%clk 0:01:14]} Rh8 {[%clk 0:00:18]} 55. b6 {[%clk 0:01:11]} Ra8
{[%clk 0:00:23]} 56. Rc1+ {[%clk 0:01:16]} Kd4 {[%clk 0:00:32]} 57. Kb5
{[%clk 0:01:20]} d2 {[%clk 0:00:41]} 58. Rd1 {[%clk 0:01:28]} 1-0

[Event "Team Championship (men rapid)"]
[Site "Sochi"]
[Date "2017.10.03"]
[Round "2.9"]
[White "Goryachkina, Aleksandra"]
[Black "Motylev, Alexander"]
[Result "1-0"]
[LiveChessVersion "1.4.8"]
[BlackElo "2655"]
[WhiteElo "2462"]

1. d4 {[%clk 0:15:18]} d5 {[%clk 0:15:18]} 2. c4 {[%clk 0:15:26]} c6
{[%clk 0:15:27]} 3. cxd5 {[%clk 0:15:33]} cxd5 {[%clk 0:15:36]} 4. Bf4
{[%clk 0:15:38]} Nf6 {[%clk 0:15:44]} 5. Nc3 {[%clk 0:15:40]} Nc6
{[%clk 0:15:50]} 6. e3 {[%clk 0:15:48]} a6 {[%clk 0:15:38]} 7. Bd3
{[%clk 0:15:42]} Bg4 {[%clk 0:15:45]} 8. Nge2 {[%clk 0:15:42]} e6
{[%clk 0:15:52]} 9. O-O {[%clk 0:15:24]} Bd6 {[%clk 0:16:00]} 10. f3
{[%clk 0:14:44]} Bh5 {[%clk 0:16:08]} 11. Rc1 {[%clk 0:14:34]} Bg6
{[%clk 0:15:51]} 12. Bxd6 {[%clk 0:12:23]} Qxd6 {[%clk 0:15:59]} 13. Nf4
{[%clk 0:11:32]} Bxd3 {[%clk 0:15:26]} 14. Nxd3 {[%clk 0:11:36]} O-O
{[%clk 0:15:35]} 15. Na4 {[%clk 0:10:50]} Rfe8 {[%clk 0:14:25]} 16. Qd2
{[%clk 0:08:30]} e5 {[%clk 0:13:03]} 17. dxe5 {[%clk 0:07:58]} Nxe5
{[%clk 0:13:12]} 18. Nxe5 {[%clk 0:07:57]} Rxe5 {[%clk 0:13:20]} 19. Qd4
{[%clk 0:06:36]} Rae8 {[%clk 0:13:18]} 20. Rc3 {[%clk 0:06:18]} Qe7
{[%clk 0:06:02]} 21. Re1 {[%clk 0:05:43]} h6 {[%clk 0:06:03]} 22. Nb6
{[%clk 0:04:56]} Qe6 {[%clk 0:05:19]} 23. b4 {[%clk 0:04:11]} Rg5
{[%clk 0:04:59]} 24. Rc2 {[%clk 0:02:58]} Re5 {[%clk 0:04:06]} 25. Rc3
{[%clk 0:03:05]} Rg5 {[%clk 0:04:13]} 26. Rc2 {[%clk 0:03:13]} Qf5
{[%clk 0:02:40]} 27. Rf2 {[%clk 0:03:10]} Qe6 {[%clk 0:02:39]} 28. a4
{[%clk 0:02:46]} Re5 {[%clk 0:02:35]} 29. Rfe2 {[%clk 0:02:48]} Qc6
{[%clk 0:01:42]} 30. a5 {[%clk 0:02:43]} Qe6 {[%clk 0:01:45]} 31. Kf1
{[%clk 0:01:22]} Rh5 {[%clk 0:01:46]} 32. Kg1 {[%clk 0:01:21]} Re5
{[%clk 0:01:51]} 33. Kf1 {[%clk 0:01:24]} Rh5 {[%clk 0:01:54]} 34. Kg1
{[%clk 0:01:33]} Qd6 {[%clk 0:01:55]} 35. Qf4 {[%clk 0:01:18]} Qe7
{[%clk 0:01:41]} 36. Rc2 {[%clk 0:00:49]} Re5 {[%clk 0:01:48]} 37. Rc3
{[%clk 0:00:46]} Qd6 {[%clk 0:00:54]} 38. Rc8 {[%clk 0:00:36]} Rxc8
{[%clk 0:00:37]} 39. Nxc8 {[%clk 0:00:45]} Qc7 {[%clk 0:00:47]} 40. Nb6
{[%clk 0:00:23]} Qc3 {[%clk 0:00:56]} 41. Kf2 {[%clk 0:00:19]} Re8
{[%clk 0:01:02]} 42. Qd4 {[%clk 0:00:21]} Qc7 {[%clk 0:01:11]} 43. g3
{[%clk 0:00:23]} Re5 {[%clk 0:00:57]} 44. Qd2 {[%clk 0:00:27]} Rf5
{[%clk 0:00:37]} 45. Kg2 {[%clk 0:00:36]} Qe7 {[%clk 0:00:30]} 46. Rc1
{[%clk 0:00:31]} g6 {[%clk 0:00:24]} 47. Qd4 {[%clk 0:00:36]} Re5
{[%clk 0:00:30]} 48. Rc3 {[%clk 0:00:42]} Kh7 {[%clk 0:00:32]} 49. Kf2
{[%clk 0:00:16]} Rh5 {[%clk 0:00:33]} 50. Kg1 {[%clk 0:00:21]} Re5
{[%clk 0:00:32]} 51. Kf2 {[%clk 0:00:26]} Qe6 {[%clk 0:00:37]} 52. Kg2
{[%clk 0:00:20]} Rh5 {[%clk 0:00:45]} 53. Rc2 {[%clk 0:00:22]} Qf5
{[%clk 0:00:42]} 54. Rd2 {[%clk 0:00:21]} Qe6 {[%clk 0:00:22]} 55. Na4
{[%clk 0:00:20]} Qh3+ {[%clk 0:00:28]} 56. Kg1 {[%clk 0:00:29]} Rf5
{[%clk 0:00:36]} 57. Rf2 {[%clk 0:00:29]} h5 {[%clk 0:00:25]} 58. Nc5
{[%clk 0:00:34]} Kg8 {[%clk 0:00:28]} 59. Qh4 {[%clk 0:00:20]} Qxh4
{[%clk 0:00:33]} 60. gxh4 {[%clk 0:00:29]} Re5 {[%clk 0:00:40]} 61. Nxb7
{[%clk 0:00:32]} Nd7 {[%clk 0:00:24]} 62. Rd2 {[%clk 0:00:18]} Rxe3
{[%clk 0:00:17]} 63. Rxd5 {[%clk 0:00:23]} Ne5 {[%clk 0:00:26]} 64. Kf2
{[%clk 0:00:17]} Rxf3+ {[%clk 0:00:35]} 65. Ke2 Rf5 {[%clk 0:00:33]} 66. Nc5
{[%clk 0:00:31]} f6 {[%clk 0:00:36]} 67. Nxa6 {[%clk 0:00:26]} Rf4
{[%clk 0:00:46]} 68. b5 {[%clk 0:00:26]} Rxh4 {[%clk 0:00:54]} 69. b6
{[%clk 0:00:31]} Rxh2+ {[%clk 0:01:04]} 70. Ke3 {[%clk 0:00:35]} Rb2
{[%clk 0:01:11]} 71. Nc7 {[%clk 0:00:31]} Nc4+ {[%clk 0:01:10]} 72. Kd4
{[%clk 0:00:34]} Nxa5 {[%clk 0:01:03]} 73. Rxa5 {[%clk 0:00:22]} Rxb6
{[%clk 0:01:12]} 74. Nd5 {[%clk 0:00:25]} Rd6 {[%clk 0:01:21]} 75. Ra7
{[%clk 0:00:29]} g5 {[%clk 0:01:23]} 76. Ke4 {[%clk 0:00:23]} Re6+
{[%clk 0:01:31]} 77. Kf5 {[%clk 0:00:25]} 1-0

[Event "Team Championship (men rapid)"]
[Site "Sochi"]
[Date "2017.10.03"]
[Round "2.10"]
[White "Grachev, Boris"]
[Black "Potapov, Pavel"]
[Result "1-0"]
[LiveChessVersion "1.4.8"]
[BlackElo "2539"]
[WhiteElo "2651"]

1. d4 {[%clk 0:15:13]} f5 {[%clk 0:15:17]} 2. Nc3 {[%clk 0:15:03]} Nf6
{[%clk 0:15:24]} 3. Bg5 {[%clk 0:15:00]} d5 {[%clk 0:15:26]} 4. e3
{[%clk 0:14:53]} e6 {[%clk 0:14:27]} 5. Nf3 {[%clk 0:14:55]} Be7 {[%clk 0:14:32]}
6. Ne2 {[%clk 0:14:15]} O-O {[%clk 0:14:00]} 7. Nf4 {[%clk 0:14:14]} Ne4
{[%clk 0:13:27]} 8. Bxe7 {[%clk 0:14:16]} Qxe7 {[%clk 0:13:34]} 9. c3
{[%clk 0:14:14]} Bd7 {[%clk 0:12:06]} 10. Be2 {[%clk 0:13:30]} Be8
{[%clk 0:11:56]} 11. Ne5 {[%clk 0:10:58]} Nd7 {[%clk 0:11:47]} 12. Nxd7
{[%clk 0:10:44]} Bxd7 {[%clk 0:11:42]} 13. O-O {[%clk 0:10:23]} g5
{[%clk 0:11:07]} 14. Nd3 {[%clk 0:10:27]} Bb5 {[%clk 0:11:08]} 15. Ne5
{[%clk 0:10:29]} Bxe2 {[%clk 0:10:59]} 16. Qxe2 {[%clk 0:10:38]} c6
{[%clk 0:10:49]} 17. c4 {[%clk 0:10:26]} g4 {[%clk 0:09:47]} 18. f3
{[%clk 0:09:53]} gxf3 {[%clk 0:09:46]} 19. gxf3 {[%clk 0:10:00]} Nf6
{[%clk 0:09:40]} 20. Kh1 {[%clk 0:09:56]} Kh8 {[%clk 0:09:47]} 21. Rg1
{[%clk 0:09:18]} Rg8 {[%clk 0:09:51]} 22. Qf2 {[%clk 0:08:59]} Nd7
{[%clk 0:09:04]} 23. Qh4 {[%clk 0:08:09]} Nf6 {[%clk 0:03:19]} 24. Ng6+
{[%clk 0:07:49]} Rxg6 {[%clk 0:03:27]} 25. Rxg6 {[%clk 0:07:58]} Rf8
{[%clk 0:03:33]} 26. Rag1 {[%clk 0:07:45]} dxc4 {[%clk 0:03:23]} 27. Qh6
{[%clk 0:07:02]} b5 {[%clk 0:02:58]} 28. Rg7 {[%clk 0:06:57]} Rf7
{[%clk 0:03:06]} 29. Qxh7+ {[%clk 0:07:02]} 1-0

[Event "Team Championship (men rapid)"]
[Site "Sochi"]
[Date "2017.10.03"]
[Round "2.11"]
[White "Belyakov, Bogdan"]
[Black "Popov, Ivan"]
[Result "1/2-1/2"]
[LiveChessVersion "1.4.8"]
[BlackElo "2674"]
[WhiteElo "2474"]

1. e4 {[%clk 0:15:19]} c6 {[%clk 0:15:19]} 2. d4 {[%clk 0:15:23]} d5
{[%clk 0:15:28]} 3. Nc3 {[%clk 0:15:27]} dxe4 {[%clk 0:15:35]} 4. Nxe4
{[%clk 0:15:35]} Bf5 {[%clk 0:15:42]} 5. Ng3 {[%clk 0:15:28]} Bg6
{[%clk 0:15:50]} 6. h4 {[%clk 0:14:52]} h6 {[%clk 0:15:58]} 7. Nf3
{[%clk 0:14:51]} e6 {[%clk 0:16:04]} 8. h5 {[%clk 0:14:08]} Bh7 {[%clk 0:16:12]}
9. Bd3 {[%clk 0:14:16]} Bxd3 {[%clk 0:16:19]} 10. Qxd3 {[%clk 0:14:24]} Nf6
{[%clk 0:16:25]} 11. Bd2 {[%clk 0:14:27]} Be7 {[%clk 0:16:33]} 12. Ne4
{[%clk 0:13:44]} O-O {[%clk 0:16:01]} 13. O-O-O {[%clk 0:13:28]} Nxe4
{[%clk 0:16:05]} 14. Qxe4 {[%clk 0:13:35]} Qd5 {[%clk 0:16:14]} 15. Qxd5
{[%clk 0:13:40]} cxd5 {[%clk 0:15:29]} 16. g4 {[%clk 0:13:34]} Nc6
{[%clk 0:15:25]} 17. c3 {[%clk 0:13:18]} Rac8 {[%clk 0:13:18]} 18. Kb1
{[%clk 0:12:34]} b5 {[%clk 0:13:24]} 19. g5 {[%clk 0:10:01]} hxg5
{[%clk 0:13:32]} 20. Bxg5 {[%clk 0:10:03]} f6 {[%clk 0:09:07]} 21. Bd2
{[%clk 0:09:14]} Kf7 {[%clk 0:08:48]} 22. Nh4 {[%clk 0:08:41]} Rh8
{[%clk 0:08:52]} 23. Ng6 {[%clk 0:08:35]} Rh7 {[%clk 0:09:01]} 24. Rde1
{[%clk 0:08:09]} Bd6 {[%clk 0:08:54]} 25. Bf4 {[%clk 0:08:15]} Rd8
{[%clk 0:07:07]} 26. Bxd6 {[%clk 0:08:08]} Rxd6 {[%clk 0:07:15]} 27. Kc2
{[%clk 0:07:05]} b4 {[%clk 0:06:32]} 28. Kd3 {[%clk 0:06:18]} bxc3
{[%clk 0:06:25]} 29. bxc3 {[%clk 0:06:26]} Ne7 {[%clk 0:06:27]} 30. Rb1
{[%clk 0:04:49]} Rb6 {[%clk 0:06:23]} 31. Rxb6 {[%clk 0:03:36]} axb6
{[%clk 0:06:31]} 32. Nxe7 {[%clk 0:02:49]} Kxe7 {[%clk 0:06:39]} 33. Rb1
{[%clk 0:02:46]} Rxh5 {[%clk 0:06:38]} 34. Rxb6 {[%clk 0:02:55]} Rh3+
{[%clk 0:05:46]} 35. Kc2 {[%clk 0:03:03]} g5 {[%clk 0:02:31]} 36. Rb2
{[%clk 0:02:03]} g4 {[%clk 0:01:51]} 37. a4 {[%clk 0:02:06]} Rh2 {[%clk 0:01:55]}
38. Kb3 {[%clk 0:02:08]} Kd6 {[%clk 0:01:28]} 39. a5 {[%clk 0:02:13]} Rh1
{[%clk 0:01:29]} 40. Ra2 {[%clk 0:02:06]} Rb1+ {[%clk 0:01:23]} 41. Kc2
{[%clk 0:02:15]} Rb7 {[%clk 0:01:21]} 42. a6 {[%clk 0:02:22]} Ra7
{[%clk 0:01:30]} 43. Kd3 {[%clk 0:02:25]} Kc6 {[%clk 0:01:34]} 44. Re2
{[%clk 0:01:15]} Kd6 {[%clk 0:01:30]} 45. Ra2 {[%clk 0:01:23]} Kc7
{[%clk 0:01:30]} 46. c4 {[%clk 0:01:23]} dxc4+ {[%clk 0:01:37]} 47. Kxc4
{[%clk 0:01:31]} Kb6 {[%clk 0:01:38]} 48. Re2 {[%clk 0:01:15]} Rc7+
{[%clk 0:01:40]} 49. Kd3 {[%clk 0:01:16]} Rc6 {[%clk 0:01:49]} 50. Ra2
{[%clk 0:00:58]} Ka7 {[%clk 0:01:57]} 51. Ke4 {[%clk 0:00:42]} Rc4
{[%clk 0:01:35]} 52. Ke3 {[%clk 0:00:40]} f5 {[%clk 0:01:16]} 53. Ra5
{[%clk 0:00:32]} Rc3+ {[%clk 0:01:21]} 54. Ke2 {[%clk 0:00:34]} Rc4
{[%clk 0:00:57]} 55. Re5 {[%clk 0:00:39]} Rxd4 {[%clk 0:00:43]} 56. Rxe6
{[%clk 0:00:47]} Ra4 {[%clk 0:00:32]} 57. Rf6 {[%clk 0:00:46]} f4
{[%clk 0:00:34]} 58. Rg6 {[%clk 0:00:52]} f3+ {[%clk 0:00:20]} 59. Ke3
{[%clk 0:00:55]} Rb4 {[%clk 0:00:23]} 60. Ke4 1/2-1/2

[Event "Team Championship (men rapid)"]
[Site "Sochi"]
[Date "2017.10.03"]
[Round "2.12"]
[White "Kobalia, Mikhail"]
[Black "Savitskiy, Sergey"]
[Result "0-1"]
[LiveChessVersion "1.4.8"]
[BlackElo "2380"]
[WhiteElo "2605"]

1. e4 {[%clk 0:15:17]} c5 {[%clk 0:14:33]} 2. Nf3 {[%clk 0:15:25]} d6
{[%clk 0:14:40]} 3. d4 {[%clk 0:15:33]} cxd4 {[%clk 0:14:48]} 4. Nxd4
{[%clk 0:15:42]} Nf6 {[%clk 0:14:49]} 5. Nc3 {[%clk 0:15:51]} a6 {[%clk 0:14:55]}
6. h3 {[%clk 0:15:54]} e6 {[%clk 0:14:48]} 7. g4 {[%clk 0:16:02]} Nc6
{[%clk 0:14:56]} 8. g5 {[%clk 0:15:56]} Nd7 {[%clk 0:15:03]} 9. h4
{[%clk 0:15:57]} Nxd4 {[%clk 0:14:33]} 10. Qxd4 {[%clk 0:16:05]} Ne5
{[%clk 0:14:41]} 11. Be2 {[%clk 0:15:45]} Nc6 {[%clk 0:14:39]} 12. Qd3
{[%clk 0:15:11]} b5 {[%clk 0:14:36]} 13. Bf4 {[%clk 0:15:02]} b4 {[%clk 0:13:06]}
14. Na4 {[%clk 0:14:28]} Qa5 {[%clk 0:11:29]} 15. b3 {[%clk 0:14:35]} Ne5
{[%clk 0:11:36]} 16. Qd4 {[%clk 0:13:48]} Be7 {[%clk 0:05:59]} 17. Bd2
{[%clk 0:13:28]} Rb8 {[%clk 0:04:40]} 18. f4 {[%clk 0:13:04]} Ng6
{[%clk 0:03:42]} 19. h5 {[%clk 0:10:53]} Nxf4 {[%clk 0:01:26]} 20. Qxg7
{[%clk 0:10:23]} Qe5 {[%clk 0:01:27]} 21. Qxe5 {[%clk 0:06:03]} dxe5
{[%clk 0:01:35]} 22. Bxf4 {[%clk 0:05:55]} exf4 {[%clk 0:01:44]} 23. Bf3
{[%clk 0:05:48]} Bd7 {[%clk 0:00:42]} 24. O-O-O {[%clk 0:05:33]} Bxa4
{[%clk 0:00:41]} 25. bxa4 {[%clk 0:05:43]} Bxg5 {[%clk 0:00:49]} 26. e5
{[%clk 0:05:40]} Rc8 {[%clk 0:00:32]} 27. Rd6 {[%clk 0:05:47]} Rc3
{[%clk 0:00:17]} 28. Rf1 {[%clk 0:05:49]} h6 {[%clk 0:00:19]} 29. Rxa6
{[%clk 0:05:47]} O-O {[%clk 0:00:28]} 30. Kb2 {[%clk 0:05:26]} Rfc8
{[%clk 0:00:34]} 31. Be4 {[%clk 0:05:27]} Re3 {[%clk 0:00:32]} 32. Bd3
{[%clk 0:05:35]} Rxe5 {[%clk 0:00:38]} 33. a5 {[%clk 0:05:25]} Rd5
{[%clk 0:00:20]} 34. Ra7 {[%clk 0:05:29]} Bf6+ {[%clk 0:00:27]} 35. Kb3
{[%clk 0:05:12]} Bd4 {[%clk 0:00:35]} 36. Rb7 {[%clk 0:05:01]} Rxa5 37. Rxf4 Bc3
{[%clk 0:00:17]} 38. a4 {[%clk 0:04:48]} bxa3 {[%clk 0:00:25]} 39. Ka2
{[%clk 0:04:35]} Rf8 {[%clk 0:00:20]} 40. Bc4 {[%clk 0:04:13]} Bb2
{[%clk 0:00:19]} 41. Be2 {[%clk 0:04:00]} Rc5 {[%clk 0:00:22]} 42. c4
{[%clk 0:03:59]} Re5 {[%clk 0:00:21]} 43. Rf2 {[%clk 0:04:08]} Rg5
{[%clk 0:00:20]} 44. Kb3 {[%clk 0:03:58]} Bd4 {[%clk 0:00:24]} 45. Rf4
{[%clk 0:04:01]} e5 {[%clk 0:00:24]} 46. Rf1 {[%clk 0:04:01]} a2 {[%clk 0:00:20]}
47. Kxa2 {[%clk 0:03:45]} Rg2 {[%clk 0:00:29]} 48. Re1 {[%clk 0:03:51]} Bc3
{[%clk 0:00:37]} 49. Rbb1 {[%clk 0:04:00]} Bxe1 {[%clk 0:00:23]} 50. Rxe1
{[%clk 0:04:09]} e4 {[%clk 0:00:22]} 51. Kb3 {[%clk 0:04:18]} f5 {[%clk 0:00:32]}
52. c5 {[%clk 0:04:26]} Rc8 {[%clk 0:00:29]} 53. Kc4 {[%clk 0:04:34]} f4
{[%clk 0:00:31]} 54. Kd4 {[%clk 0:04:39]} e3 {[%clk 0:00:32]} 55. Ke4
{[%clk 0:04:07]} Rf2 {[%clk 0:00:23]} 56. Rg1+ {[%clk 0:04:11]} Kh8
{[%clk 0:00:23]} 57. Bf3 {[%clk 0:04:07]} Re8+ {[%clk 0:00:18]} 0-1